Geography Ending in A, Starting with A-Z - Statistics

General Stats
  • This quiz has been taken 38,302 times
    37,983 since last reset
  • The average score is 19 of 26
Answer Stats
Letter Clue Answer % Correct
A Country whose capital is Buenos Aires Argentina
99%
I New Delhi is this country's capital India
95%
C Sacramento is its capital California
93%
K This country's capital is Nairobi Kenya
92%
R The largest country in the world Russia
92%
S Largest hot desert in the world Sahara
92%
H Capital city of Cuba Havana
91%
V Austria's capital city Vienna
91%
B The largest city in Catalonia Barcelona
89%
Z Landlocked country in Southern Africa Zambia
89%
M The holiest city in Islam Mecca
88%
U Country in the east of Africa Uganda
88%
D Caribbean island between Martinique and Guadeloupe Dominica
84%
T Island state of Australia Tasmania
83%
N African country with a sun and diagonal stripe on their flag Namibia
81%
J Indonesian island home to Jakarta Java
77%
L Currency used in Turkey Lira
77%
G Where you'd find Accra or Kumasi Ghana
73%
O Capital of Washington state Olympia
51%
Y The second largest city proper in Japan Yokohama
47%
W French speaking region of Belgium Wallonia
46%
X One of the official languages of South Africa and Zimbabwe Xhosa
43%
E Italian region containing Bologna: ______-Romagna Emilia
40%
F Large city in Brazil, state capital of Ceará Fortaleza
32%
P The second longest river in South America Paraná
25%
Q Only high-altitude major city in Pakistan Quetta
17%
No matching quizzes found
Score Distribution
Percent of People with Each Score
Percentile by Number Answered
Your Score History
You have not taken this quiz since the last reset